| 000 | 00860nam a22002177a 4500 | ||
|---|---|---|---|
| 999 |
_c21170 _d21170 |
||
| 003 | AR-CdUCM | ||
| 008 | 190305b ||||| |||| 00| 0 spa d | ||
| 020 | _a978-612-00-2586-4 | ||
| 040 |
_aMUNICIPALIDAD PROVINCIAL DEL CUSCO _cBIBLIOTECA MUNICIPAL DEL CUSCO |
||
| 082 |
_a498 / C81 _bC81 |
||
| 100 |
_aCondori Pauccara, José _925231 |
||
| 245 | _aFonología del Quechua de las provincias altas Cusco / | ||
| 260 |
_aCusco : _bRosita, _c2017. |
||
| 300 |
_a127 páginas ; _c20 cm. |
||
| 505 | _aContenido: Problemas derivados del antiguo multilibgüismo amerindio -- Consideraciones conceptuales -- Técnicas e instrumentos de estudio -- Características fonéticas del Quechua hablado en el Distrito de Layo. | ||
| 650 |
_aLengua Quechua _99194 |
||
| 650 |
_aFonología _944240 |
||
| 650 |
_aCusco Perú _944241 |
||
| 942 |
_2ddc _cLIBROS |
||
| 945 | _aRoel | ||